| 000 | 00612cac a22001811u 4500 | ||
|---|---|---|---|
| 090 | _c3077 | ||
| 008 | 081111t1949 xxu||||| |||| 00| 0 eng d | ||
| 082 |
_a170 _bETH |
||
| 245 | _aThe Ethics Of Aristotle | ||
| 246 | _aPhilosophy and Theology. | ||
| 260 |
_aLondon,New York: _bJ.M.Dent and Sons , E.B.Dutton , _cc.1949. |
||
| 300 |
_a290p.; _b15cm. |
||
| 500 | _aDonations. | ||
| 500 | _aDonations - Dr. Mostafa Gouda. | ||
| 650 | _aEthics. | ||
| 942 |
_cBB _k170ETH _2ddc |
||
| 999 |
_c3077 _d3077 |
||